|
|
|
|
| LEADER |
00897pam a22002178a 4500 |
| 001 |
00024112 |
| 005 |
20171026081025.0 |
| 008 |
110712s1979 ||||||Viesd |
| 041 |
0 |
# |
|a Vie
|
| 082 |
1 |
4 |
|a 807
|b T550L
|
| 245 |
0 |
0 |
|p Từ giữa thế kỉ XI đến thế kỉ XVIII
|a Tư liệu tham khảo văn học Việt Nam
|n T.2
|
| 260 |
# |
# |
|b Giáo Dục
|c 1979
|a H.
|
| 300 |
# |
# |
|a 298 tr.
|c 20 cm.
|
| 500 |
# |
# |
|a ĐTTS ghi: Sách Đại học sư phạm
|
| 650 |
# |
4 |
|a Văn học Việt Nam
|
| 653 |
# |
# |
|a Nghiên cứu văn học
|
| 852 |
# |
# |
|b Kho mượn
|j KM.0006039, KM.0004762, KM.0004763, KM.0011884, KM.0006317, KM.0009853
|
| 852 |
# |
# |
|b Kho đọc
|j KD.0009309
|
| 852 |
# |
# |
|j KM.0006039
|j KM.0011884
|j KM.0009853
|j KM.0004762
|j KM.0004763
|j KD.0009309
|j KM.0006317
|
| 910 |
|
|
|d 12/07/2011
|
| 980 |
# |
# |
|a Trung tâm Học liệu Lê Vũ Hùng, Trường Đại học Đồng Tháp
|